[Event "BCF-chT3 0910 (4NCL)"]
[Site "England"]
[Date "2010.01.16"]
[Round "3.1"]
[White "Vikanis, Georgs"]
[Black "Oates, David"]
[Result "0-1"]
[WhiteElo "1978"]
[BlackElo "2159"]
[PlyCount "82"]
[EventDate "2009.10.24"]
[EventType "team-tourn"]
[EventRounds "11"]
[EventCountry "ENG"]
[SourceTitle "EXT 2011"]
[Source "ChessBase"]
[SourceDate "2010.11.26"]
[SourceVersion "1"]
[SourceVersionDate "2010.11.26"]
[SourceQuality "1"]
[WhiteTeam "Oxford III"]
[BlackTeam "Sussex Smart Controls"]
[WhiteTeamCountry "ENG"]
[BlackTeamCountry "ENG"]

1. Nf3 Nc6 2. d4 d5 3. Bf4 Bg4 4. e3 e6 5. c3 Bd6 6. Bxd6 Qxd6 7. Nbd2 Nf6 8. Bd3 e5 9. e4 exd4 10. cxd4 dxe4 11. Nxe4 Nxe4 12. Bxe4 0-0-0 13. Bxc6 Qe6+ 14. Qe2 Qxc6 15. Ne5 Bxe2 16. Nxc6 bxc6 17. Kxe2 Rhe8+ 18. Kf3 Rxd4 19. Rhd1 Rd6 20. Rxd6 cxd6 21. Rc1 Kc7 22. Rc4 Re5 23. Rc2 d5 24. Kf4 Re4+ 25. Kg3 Kd6 26. f3 Re7 27. Kf2 c5 28. b3 d4 29. Rc4 Kd5 30. g3 d3 31. Rc3 Re2+ 32. Kf1 Kd4 33. Rc4+ Ke3 34. Rxc5 Rf2+ 35. Kg1 Rxa2 36. Re5+ Kxf3 37. Rf5+ Ke4 38. Rxf7 d2 39. Re7+ Kd3 40. Rd7+ Kc2 41. Rc7+ Kb2 0-1